[Event "Junior Online 4NCL Division 4"]
[Site "online"]
[Date "2021.08.19"]
[EventDate "2021.08.19"]
[Round "1.84"]
[White "Shi, Shaoting"]
[WhiteElo "1211"]
[WhiteTeam "London Dragons Beryllium"]
[Black "Ali, Zayne"]
[BlackElo "722"]
[BlackTeam "Wimbledon Juniors B"]
[Result "1-0"]
[PlyCount "41"]

1. e4 e5 2. Nf3 f6 3. Bc4 Nh6 4. Nc3 d6 5. d3 b6 6. Be3 Ng4 7. O-O Bb7 8. Nd2 Nxe3 9. fxe3 Bc8 10. Qh5+ g6 11. Qf3 c6 12. Qxf6 Qd7 13. Qxh8 Qe7 14. Rf2 Nd7 15. Rf7 Qg5 16. Raf1 Qh6 17. Rxh7 Qg5 18. Bf7+ Ke7 19. Bxg6+ Ke6 20. Bf5+ Qxf5 21. exf5# 1-0

[Event "Junior Online 4NCL Division 4"]
[Site "online"]
[Date "2021.08.19"]
[EventDate "2021.08.19"]
[Round "1.85"]
[White "Fang, Moyao"]
[WhiteElo "1367"]
[WhiteTeam "London Dragons Beryllium"]
[Black "Doughty, William"]
[BlackElo "1256"]
[BlackTeam "Wimbledon Juniors B"]
[Result "1-0"]
[PlyCount "55"]

1. e4 e6 2. d4 b6 3. Bd3 Bb7 4. Nf3 a6 5. Bf4 f5 6. Nbd2 fxe4 7. Bxe4 Bxe4 8. Nxe4 d5 9. Neg5 Be7 10. Nxe6 Qd7 11. Nxc7+ Kd8 12. Ne5 Qxc7 13. Nf7+ Ke8 14. Bxc7 Kxf7 15. Qf3+ Nf6 16. O-O-O Nd7 17. Be5 Rhf8 18. g4 Kg8 19. Bxf6 Rxf6 20. Qxd5+ Kh8 21. Qxa8+ Rf8 22. Qb7 Bg5+ 23. Kb1 Nf6 24. h4 Bf4 25. Rde1 Nxg4 26. Re7 Nxf2 27. Rxg7 Rg8 28. Rxh7# 1-0

[Event "Junior Online 4NCL Division 4"]
[Site "online"]
[Date "2021.08.19"]
[EventDate "2021.08.19"]
[Round "1.86"]
[White "Kou, Edward"]
[WhiteElo "962"]
[WhiteTeam "Wimbledon Juniors B"]
[Black "Li, Harvey"]
[BlackElo "1280"]
[BlackTeam "London Dragons Beryllium"]
[Result "1-0"]
[PlyCount "59"]

1. e4 c5 2. Nf3 Nc6 3. d4 cxd4 4. Nxd4 e6 5. Nc3 Bc5 6. Be3 Bb6 7. Bb5 Nge7 8. Qd2 O-O 9. O-O-O a6 10. Bd3 Nxd4 11. Bxd4 Bxd4 12. h4 Qa5 13. h5 Bxc3 14. Qxc3 Qxa2 15. h6 f6 16. g4 Qa1+ 17. Kd2 d5 18. Rxa1 dxe4 19. Bxe4 Rd8+ 20. Bd3 Nd5 21. Qb3 Nf4 22. g5 Kf8 23. hxg7+ Kxg7 24. Rxh7+ Kg8 25. Qb4 Nxd3 26. cxd3 Kxh7 27. Qe7+ Kg6 28. Qxd8 Kxg5 29. Rg1+ Kf4 30. Qxf6# 1-0

[Event "Junior Online 4NCL Division 4"]
[Site "online"]
[Date "2021.08.19"]
[EventDate "2021.08.19"]
[Round "1.87"]
[White "Liu, Zhengzheng"]
[WhiteElo "1290"]
[WhiteTeam "London Dragons Beryllium"]
[Black "Mold, Ernest"]
[BlackElo "756"]
[BlackTeam "Wimbledon Juniors B"]
[Result "1-0"]
[PlyCount "55"]

1. d4 d5 2. c4 e6 3. Nc3 c6 4. c5 Be7 5. Nf3 h6 6. e3 Bg5 7. Bd3 Nf6 8. O-O Bd7 9. Bd2 a5 10. a3 Na6 11. Bxa6 bxa6 12. b4 axb4 13. axb4 O-O 14. Ra5 Ne4 15. Nxe4 dxe4 16. Nxg5 Qxg5 17. Qa4 Rfc8 18. Rxa6 Rxa6 19. Qxa6 e5 20. Bc3 exd4 21. Bxd4 Bf5 22. f4 Qg4 23. Qa2 Rd8 24. h3 Qg3 25. Qf2 Qxf2+ 26. Rxf2 Ra8 27. g4 Ra1+ 28. Bxa1 1-0

[Event "Junior Online 4NCL Division 4"]
[Site "online"]
[Date "2021.08.19"]
[EventDate "2021.08.19"]
[Round "1.88"]
[White "Ali, Zayne"]
[WhiteElo "722"]
[WhiteTeam "Wimbledon Juniors B"]
[Black "Shi, Shaoting"]
[BlackElo "1211"]
[BlackTeam "London Dragons Beryllium"]
[Result "0-1"]
[PlyCount "76"]

1. Nf3 Nc6 2. Ng5 Nf6 3. Nf3 d5 4. Nc3 e5 5. Ng5 Bf5 6. Nb5 Bc5 7. d3 O-O 8. e3 Nd7 9. Bd2 a6 10. Nc3 d4 11. exd4 exd4 12. Nd5 Nce5 13. Be2 c6 14. Bh5 cxd5 15. f4 Nc6 16. h3 h6 17. Nf3 Re8+ 18. Kf1 Nf6 19. Ng5 hxg5 20. Bf3 gxf4 21. Be2 Qd6 22. Bf3 Bb4 23. Bc1 Re1+ 24. Kf2 Rxd1 25. Rxd1 Re8 26. a3 Bc5 27. b4 Bb6 28. a4 Qxb4 29. Bxf4 Qc3 30. Rac1 Nb4 31. Bd2 Qc5 32. Rb1 Nxc2 33. Rxb6 Qxb6 34. Rc1 Qb2 35. Rb1 Qxb1 36. Bc1 Qxc1 37. Bd1 Qe3+ 38. Kf1 Qe1# 0-1

[Event "Junior Online 4NCL Division 4"]
[Site "online"]
[Date "2021.08.19"]
[EventDate "2021.08.19"]
[Round "1.91"]
[White "Gurusamy, Paramaguru"]
[WhiteElo "1312"]
[WhiteTeam "Wanstead Warriors 2"]
[Black "Radia, Kayan"]
[BlackElo "800"]
[BlackTeam "Edgware Gambits I"]
[Result "1-0"]
[PlyCount "69"]

1. d4 d5 2. c4 e6 3. Nf3 Nc6 4. g3 Nf6 5. Bg2 Bd6 6. O-O Bd7 7. Nc3 O-O 8. Re1 Qe7 9. e4 dxc4 10. e5 Bb4 11. exf6 Qxf6 12. Ne5 Nxe5 13. dxe5 Qe7 14. Bxb7 Bxc3 15. Bxa8 Bxe1 16. Be4 Bb4 17. Qc2 g6 18. Qxc4 Bc5 19. h4 h5 20. Bg5 Qd8 21. Bxd8 Rxd8 22. Rd1 Bb6 23. Bc6 Kh8 24. Rxd7 Rxd7 25. Bxd7 a5 26. b4 axb4 27. Qxb4 g5 28. Qf8+ Kh7 29. Qxf7+ Kh6 30. hxg5+ Kxg5 31. Qg7+ Kf5 32. Bc6 Bd4 33. Qf6+ Kg4 34. Qf4+ Kh3 35. Qh4# 1-0

[Event "Junior Online 4NCL Division 4"]
[Site "online"]
[Date "2021.08.19"]
[EventDate "2021.08.19"]
[Round "1.92"]
[White "Gupta, Kabir"]
[WhiteElo "700"]
[WhiteTeam "Edgware Gambits I"]
[Black "Bedi, Adarsh"]
[BlackElo "1365"]
[BlackTeam "Wanstead Warriors 2"]
[Result "1/2-1/2"]
[PlyCount "129"]

1. e4 e5 2. Nf3 Nc6 3. Nc3 Nf6 4. Bc4 Bc5 5. Ng5 d5 6. exd5 Nxd5 7. Bxd5 Qxg5 8. d4 Qxg2 9. Bxg2 exd4 10. Nd5 O-O 11. Nxc7 Be6 12. Nxa8 Rxa8 13. Bf4 Re8 14. c3 Bd5+ 15. Qe2 Rxe2+ 16. Kxe2 Bxg2 17. Rhg1 Bd5 18. Bh6 g6 19. Rg5 Be6 20. Rxc5 f5 21. Rb5 Bc4+ 22. Kd2 Bxb5 23. Re1 dxc3+ 24. Kxc3 Kf7 25. Bg5 Ba6 26. Re7+ Nxe7 27. h4 Nd5+ 28. Kd4 Nb4 29. a3 Nc6+ 30. Kc5 Ne5 31. Kd6 Nf3 32. Bd8 h6 33. Kc7 g5 34. hxg5 hxg5 35. Kb8 g4 36. Kxa7 f4 37. b3 Kg6 38. b4 Kf5 39. a4 g3 40. fxg3 fxg3 41. Bb6 Ne5 42. b5 Nc6+ 43. Ka8 Bxb5 44. axb5 Nb4 45. Kxb7 Nd5 46. Bd4 Ke4 47. Bc5 g2 48. Kc6 Nb4+ 49. Kd6 Nd5 50. b6 Nxb6 51. Bxb6 Kf3 52. Ke5 Kg3 53. Ke4 Kh3 54. Kf3 Kh2 55. Ke2 Kg3 56. Ke1 Kh2 57. Ke2 Kg3 58. Ke1 Kf3 59. Kd1 Kg3 60. Ke1 Kh2 61. Ke2 Kg3 62. Ke1 Kh3 63. Ke2 Kh2 64. Kf3 g1=Q 65. Bxg1+ 1/2-1/2

[Event "Junior Online 4NCL Division 4"]
[Site "online"]
[Date "2021.08.19"]
[EventDate "2021.08.19"]
[Round "1.93"]
[White "Mukherjee, Aradhya"]
[WhiteElo "1337"]
[WhiteTeam "Wanstead Warriors 2"]
[Black "Pasura, Mihir"]
[BlackElo "700"]
[BlackTeam "Edgware Gambits I"]
[Result "1-0"]
[PlyCount "33"]

1. e4 e5 2. d4 exd4 3. c3 dxc3 4. Bc4 c2 5. Qxc2 Bb4+ 6. Nc3 Bxc3+ 7. Qxc3 Qf6 8. e5 Qc6 9. Nf3 d6 10. O-O dxe5 11. Qxe5+ Kd8 12. Ng5 Qxc4 13. Qxg7 Nf6 14. Qxf6+ Kd7 15. Rd1+ Ke8 16. Qxh8+ Ke7 17. Qd8# 1-0

[Event "Junior Online 4NCL Division 4"]
[Site "online"]
[Date "2021.08.19"]
[EventDate "2021.08.19"]
[Round "1.94"]
[White "Trim, Xanthe"]
[WhiteElo "775"]
[WhiteTeam "Edgware Gambits I"]
[Black "Quin, Wilder"]
[BlackElo "1227"]
[BlackTeam "Wanstead Warriors 2"]
[Result "0-1"]
[PlyCount "76"]

1. d4 d5 2. e3 Nc6 3. Bb5 a6 4. Bd3 Nf6 5. c3 g6 6. Nf3 Bg7 7. O-O Bg4 8. Qe1 Bxf3 9. Nd2 Bg4 10. Nb3 O-O 11. c4 dxc4 12. Bxc4 Ne4 13. Bd3 Nf6 14. e4 Nxd4 15. Nd2 Be6 16. Qe3 Nc6 17. Nb1 Ne5 18. Be2 Nfg4 19. Qd2 Qxd2 20. Bxd2 Bc4 21. Bd1 Bxf1 22. Kxf1 Nxh2+ 23. Kg1 Nhg4 24. Nc3 Nc4 25. Bc1 Nge5 26. Bf4 Nxb2 27. Bc2 Nbc4 28. Re1 c6 29. Bb3 Nb6 30. Re3 Ng4 31. Rh3 Bxc3 32. f3 Nf6 33. Bh6 Rfd8 34. e5 Bxe5 35. Bxf7+ Kxf7 36. Bg5 Rd1+ 37. Kf2 Rd2+ 38. Ke3 Nc4# 0-1

[Event "Junior Online 4NCL Division 4"]
[Site "online"]
[Date "2021.08.19"]
[EventDate "2021.08.19"]
[Round "1.95"]
[White "Radia, Kayan"]
[WhiteElo "800"]
[WhiteTeam "Edgware Gambits I"]
[Black "Gurusamy, Paramaguru"]
[BlackElo "1312"]
[BlackTeam "Wanstead Warriors 2"]
[Result "0-1"]
[PlyCount "102"]

1. e4 c6 2. d4 d5 3. exd5 cxd5 4. Nc3 Nf6 5. Bg5 Nc6 6. Nf3 Bf5 7. Bb5 h6 8. Bh4 e6 9. a3 Be7 10. O-O Qb6 11. Qd2 a6 12. Ba4 O-O 13. h3 Ne4 14. Nxe4 Bxh4 15. Nxh4 Bxe4 16. Bxc6 bxc6 17. Qe1 Qxb2 18. Qd2 Qxc2 19. Qxc2 Bxc2 20. Rac1 Ba4 21. Rfe1 Rab8 22. Rb1 Rb5 23. Rxb5 Bxb5 24. Rb1 Rc8 25. Nf3 c5 26. dxc5 Rxc5 27. a4 Bd3 28. Rb8+ Kh7 29. Rf8 f6 30. Rb8 Be4 31. Rb3 Bxf3 32. Rxf3 Rc1+ 33. Kh2 Rc4 34. Re3 e5 35. Rf3 Rxa4 36. Rg3 d4 37. Rd3 Rc4 38. g3 Rc3 39. Rd2 d3 40. Kg1 e4 41. Kf1 Rc2 42. Rd1 Re2 43. f4 Kg6 44. g4 f5 45. gxf5+ Kxf5 46. h4 Kxf4 47. h5 Kf3 48. Kg1 d2 49. Kf1 e3 50. Kg1 Rg2+ 51. Kf1 e2# 0-1

[Event "Junior Online 4NCL Division 4"]
[Site "online"]
[Date "2021.08.19"]
[EventDate "2021.08.19"]
[Round "1.96"]
[White "Bedi, Adarsh"]
[WhiteElo "1365"]
[WhiteTeam "Wanstead Warriors 2"]
[Black "Gupta, Kabir"]
[BlackElo "700"]
[BlackTeam "Edgware Gambits I"]
[Result "1-0"]
[PlyCount "55"]

1. e4 e5 2. Nf3 Nc6 3. Bc4 d6 4. Nc3 Nf6 5. Ng5 d5 6. exd5 Nxd5 7. Bxd5 Qxd5 8. Nxd5 f6 9. Qh5+ g6 10. Nxf6+ Ke7 11. Nd5+ Kd6 12. Qf3 Bh6 13. Ne4+ Kxd5 14. Nc3+ Kd6 15. Qd5+ Ke7 16. d3 Be6 17. Qc5+ Ke8 18. Bxh6 b6 19. Qxc6+ Bd7 20. Qxa8+ Bc8 21. Qxc8+ Ke7 22. Qxh8 Kf7 23. Qg7+ Ke8 24. Qxc7 b5 25. Bg5 Kf8 26. Qxa7 Kg8 27. Bh6 Kh8 28. Qg7# 1-0

[Event "Junior Online 4NCL Division 4"]
[Site "online"]
[Date "2021.08.19"]
[EventDate "2021.08.19"]
[Round "1.97"]
[White "Pasura, Mihir"]
[WhiteElo "700"]
[WhiteTeam "Edgware Gambits I"]
[Black "Mukherjee, Aradhya"]
[BlackElo "1337"]
[BlackTeam "Wanstead Warriors 2"]
[Result "0-1"]
[PlyCount "42"]

1. e4 e5 2. Nf3 Nf6 3. Nxe5 Nc6 4. Nxc6 dxc6 5. e5 Ng4 6. Be2 Nxe5 7. O-O Be7 8. d4 Ng6 9. Nc3 Be6 10. Bg4 Qd7 11. Bg5 Bxg4 12. Qd3 Bxg5 13. Qe4+ Be7 14. f3 Be6 15. Rfe1 O-O-O 16. Qf4 Nxf4 17. Ne2 Nxe2+ 18. Rxe2 Qxd4+ 19. Rf2 Bc5 20. Re1 Qxf2+ 21. Kh1 Qxe1# 0-1

[Event "Junior Online 4NCL Division 4"]
[Site "online"]
[Date "2021.08.19"]
[EventDate "2021.08.19"]
[Round "1.98"]
[White "Quin, Wilder"]
[WhiteElo "1227"]
[WhiteTeam "Wanstead Warriors 2"]
[Black "Trim, Xanthe"]
[BlackElo "775"]
[BlackTeam "Edgware Gambits I"]
[Result "1-0"]
[PlyCount "75"]

1. e4 e5 2. Nc3 Nf6 3. f4 Nc6 4. fxe5 Nxe5 5. d4 Nc6 6. Nf3 Bb4 7. Bg5 O-O 8. e5 Nxe5 9. dxe5 Qe8 10. Bxf6 gxf6 11. Be2 fxe5 12. O-O e4 13. Ng5 e3 14. Qd4 d6 15. Qxb4 d5 16. Qd4 f6 17. Nf3 Be6 18. Qxe3 Bd7 19. Qxe8 Rfxe8 20. Bb5 c6 21. Bd3 Bg4 22. h3 Bh5 23. Nd4 c5 24. Nf5 Re5 25. Ng3 Bf7 26. Rxf6 Rf8 27. Rf5 Re6 28. Nxd5 Ree8 29. Nf6+ Kg7 30. Nxe8+ Rxe8 31. Nh5+ Bxh5 32. Rxh5 Rg8 33. Rxh7+ Kf8 34. Bc4 b6 35. Bxg8 Kxg8 36. Rxa7 c4 37. Rd1 Kf8 38. Rd8# 1-0

[Event "Junior Online 4NCL Division 4"]
[Site "online"]
[Date "2021.08.19"]
[EventDate "2021.08.19"]
[Round "1.101"]
[White "Szajman, Noah"]
[WhiteElo "714"]
[WhiteTeam "Edgware Gambits J"]
[Black "Srinivasan, Raghav"]
[BlackElo "1271"]
[BlackTeam "Chess Challengers B"]
[Result "0-1"]
[PlyCount "100"]

1. e4 d5 2. exd5 Qxd5 3. Nc3 Qd8 4. Be2 Nc6 5. Nf3 Bf5 6. d3 e6 7. Bd2 Nf6 8. O-O Be7 9. Bg5 h6 10. Bxf6 Bxf6 11. d4 Nxd4 12. Nxd4 Qxd4 13. Qxd4 Bxd4 14. Nb5 Bb6 15. Bd3 Bxd3 16. cxd3 a6 17. Nc3 O-O 18. Rad1 Rad8 19. Rfe1 Rd7 20. Rd2 Rfd8 21. Red1 Ba5 22. a3 Bxc3 23. bxc3 Kh7 24. d4 e5 25. a4 exd4 26. cxd4 Kg6 27. d5 c6 28. d6 Kf6 29. Kf1 Ke6 30. Kg1 Rxd6 31. Rxd6+ Rxd6 32. Re1+ Kd7 33. Kf1 Rd4 34. Ke2 Rxa4 35. Rd1+ Kc7 36. Ke3 Ra3+ 37. Rd3 Rxd3+ 38. Kxd3 a5 39. Kc3 a4 40. Kb2 b5 41. Ka3 Kd6 42. g3 Kc5 43. f4 Kc4 44. Kb2 b4 45. Ka2 b3+ 46. Ka3 Kc3 47. h4 b2 48. Ka2 Kc2 49. g4 b1=Q+ 50. Ka3 Qb3# 0-1

[Event "Junior Online 4NCL Division 4"]
[Site "online"]
[Date "2021.08.19"]
[EventDate "2021.08.19"]
[Round "1.102"]
[White "Sridharan, Rithvik"]
[WhiteElo "1316"]
[WhiteTeam "Chess Challengers B"]
[Black "Iyer, Pranav"]
[BlackElo "700"]
[BlackTeam "Edgware Gambits J"]
[Result "1-0"]
[PlyCount "31"]

1. e4 e5 2. Nf3 Nc6 3. Nc3 Nf6 4. Bb5 Bb4 5. d3 O-O 6. Bg5 d6 7. h3 h6 8. Bh4 Ba5 9. O-O a6 10. Ba4 Bb6 11. Nd5 g5 12. Nxg5 hxg5 13. Bxg5 Ne7 14. Nxf6+ Kh8 15. Qh5+ Kg7 16. Qh7# 1-0

[Event "Junior Online 4NCL Division 4"]
[Site "online"]
[Date "2021.08.19"]
[EventDate "2021.08.19"]
[Round "1.103"]
[White "Iyer, Rishabh"]
[WhiteElo "700"]
[WhiteTeam "Edgware Gambits J"]
[Black "Sharavana, Harshith"]
[BlackElo "1236"]
[BlackTeam "Chess Challengers B"]
[Result "0-1"]
[PlyCount "34"]

1. e4 e5 2. Nf3 Nc6 3. Bc4 Bc5 4. Nc3 Nf6 5. d3 h6 6. Bd2 d6 7. O-O Bg4 8. h3 Bh5 9. Re1 Nd4 10. Qc1 Nxf3+ 11. gxf3 Bxf3 12. Rd1 Bxd1 13. Qxd1 Qd7 14. Rc1 Qxh3 15. Bb5+ c6 16. Bc4 Qg3+ 17. Kf1 Qxf2# 0-1

[Event "Junior Online 4NCL Division 4"]
[Site "online"]
[Date "2021.08.19"]
[EventDate "2021.08.19"]
[Round "1.104"]
[White "Pyla, Akhil"]
[WhiteElo "1314"]
[WhiteTeam "Chess Challengers B"]
[Black "Patel, Felicity"]
[BlackElo "400"]
[BlackTeam "Edgware Gambits J"]
[Result "1-0"]
[PlyCount "51"]

1. e4 e5 2. Nf3 Nc6 3. Bb5 a6 4. Bxc6 bxc6 5. O-O Bc5 6. Nxe5 f6 7. Nf3 Nh6 8. d4 Bb6 9. Bxh6 gxh6 10. Qd2 Bb7 11. Qxh6 a5 12. c3 Ba6 13. Re1 d5 14. exd5+ Kf7 15. h3 Re8 16. Qxh7+ Kf8 17. Qh8+ Kf7 18. Rxe8 Qxe8 19. Qxe8+ Kxe8 20. Nbd2 f5 21. Re1+ Kd8 22. Re5 Be2 23. Rxe2 a4 24. dxc6 Ra6 25. Ng5 Kc8 26. Re8# 1-0

[Event "Junior Online 4NCL Division 4"]
[Site "online"]
[Date "2021.08.19"]
[EventDate "2021.08.19"]
[Round "1.105"]
[White "Srinivasan, Raghav"]
[WhiteElo "1271"]
[WhiteTeam "Chess Challengers B"]
[Black "Szajman, Noah"]
[BlackElo "714"]
[BlackTeam "Edgware Gambits J"]
[Result "1-0"]
[PlyCount "71"]

1. e4 c5 2. Nf3 d6 3. c3 e6 4. d4 Nf6 5. dxc5 dxc5 6. Qxd8+ Kxd8 7. e5 Nfd7 8. Bf4 Nb6 9. Nbd2 Bd7 10. Bd3 Nc6 11. O-O Be7 12. Nc4 Ke8 13. Nd6+ Bxd6 14. exd6 f6 15. Rfe1 Kf7 16. h3 Rhe8 17. Bc2 Kg8 18. Rad1 Nc4 19. Re2 Nxb2 20. Bxh7+ Kxh7 21. Rxb2 e5 22. Rxb7 Rab8 23. Rxd7 exf4 24. Rc7 Rbc8 25. d7 Rxc7 26. dxe8=Q Ne7 27. Rd7 Rxd7 28. Qxd7 Ng8 29. Qxa7 c4 30. Qc7 Nh6 31. a4 Kg8 32. a5 Kf8 33. a6 Nf7 34. a7 Ke8 35. a8=R+ Nd8 36. Rxd8# 1-0

[Event "Junior Online 4NCL Division 4"]
[Site "online"]
[Date "2021.08.19"]
[EventDate "2021.08.19"]
[Round "1.106"]
[White "Iyer, Pranav"]
[WhiteElo "700"]
[WhiteTeam "Edgware Gambits J"]
[Black "Sridharan, Rithvik"]
[BlackElo "1316"]
[BlackTeam "Chess Challengers B"]
[Result "0-1"]
[PlyCount "44"]

1. e4 e5 2. Nf3 Nc6 3. Nc3 Nf6 4. Bb5 Bc5 5. Nxe5 Bxf2+ 6. Kf1 Nxe5 7. Kxf2 Nfg4+ 8. Qxg4 Nxg4+ 9. Kf1 Qf6+ 10. Ke1 Qf2+ 11. Kd1 Qxg2 12. Re1 Nf2+ 13. Ke2 Ng4+ 14. Kd3 Qf3+ 15. Re3 Nxe3 16. dxe3 c6 17. Bc4 d5 18. Bxd5 cxd5 19. exd5 Bf5+ 20. Kd2 Qf2+ 21. Kd1 Bg4+ 22. Ne2 Qxe2# 0-1

[Event "Junior Online 4NCL Division 4"]
[Site "online"]
[Date "2021.08.19"]
[EventDate "2021.08.19"]
[Round "1.107"]
[White "Sharavana, Harshith"]
[WhiteElo "1236"]
[WhiteTeam "Chess Challengers B"]
[Black "Iyer, Rishabh"]
[BlackElo "700"]
[BlackTeam "Edgware Gambits J"]
[Result "0-1"]
[PlyCount "86"]

1. e4 e5 2. Nf3 Nc6 3. Bc4 Bc5 4. Nc3 Nf6 5. d3 h6 6. Be3 Bxe3 7. fxe3 Ng4 8. d4 Nxe3 9. Qd2 exd4 10. Nxd4 Nxd4 11. Qxd4 Nxc2+ 12. Kd2 Nxd4 13. Rhf1 O-O 14. Bd3 Qg5+ 15. Kd1 d6 16. h4 Qxh4 17. Be2 Bg4 18. Bxg4 Qxg4+ 19. Kd2 Qxg2+ 20. Kd3 Qh3+ 21. Kxd4 c5+ 22. Kd5 Qh5+ 23. Rf5 g5 24. Rg1 Qh3 25. e5 Qxf5 26. Kxd6 Rad8+ 27. Kxc5 b6+ 28. Kc6 Qc8+ 29. Kb5 Qd7+ 30. Kb4 a5+ 31. Kb3 b5 32. Rh1 Qe6+ 33. Kc2 Qf5+ 34. Kc1 Qxe5 35. Rxh6 Qe3+ 36. Kc2 Qd2+ 37. Kb3 a4+ 38. Kb4 Rd4+ 39. Kxb5 Qd3+ 40. Kc5 Qc4+ 41. Kb6 g4 42. Rh5 Rd6+ 43. Ka5 Ra6# 0-1

[Event "Junior Online 4NCL Division 4"]
[Site "online"]
[Date "2021.08.19"]
[EventDate "2021.08.19"]
[Round "1.108"]
[White "Patel, Felicity"]
[WhiteElo "400"]
[WhiteTeam "Edgware Gambits J"]
[Black "Pyla, Akhil"]
[BlackElo "1314"]
[BlackTeam "Chess Challengers B"]
[Result "0-1"]
[PlyCount "48"]

1. d4 e5 2. dxe5 Qe7 3. Nf3 Nc6 4. Bf4 Qb4+ 5. c3 Qxf4 6. e3 Qh6 7. Nd4 Nxd4 8. cxd4 f6 9. exf6 Qxf6 10. e4 Bb4+ 11. Ke2 Qe6 12. Kf3 Nf6 13. Qe1 Bxe1 14. Ke2 Qxe4+ 15. Kd1 Bxf2 16. Kc1 Be3+ 17. Kd1 Qxd4+ 18. Kc2 d5 19. b4 Bf5+ 20. Kb3 Qxa1 21. Ka3 Qxb1 22. Ka4 Bc2+ 23. Kb5 a6+ 24. Ka5 b6# 0-1

[Event "Junior Online 4NCL Division 4"]
[Site "online"]
[Date "2021.08.19"]
[EventDate "2021.08.19"]
[Round "1.111"]
[White "Jayaprakash, Arnav"]
[WhiteElo "1441"]
[WhiteTeam "Wolfpack Juniors"]
[Black "Liu, Reuben"]
[BlackElo "908"]
[BlackTeam "Surrey Kings 4"]
[Result "1-0"]
[PlyCount "71"]

1. e4 c6 2. d4 d5 3. exd5 cxd5 4. Nc3 Nc6 5. Bb5 Bd7 6. Nf3 Nf6 7. Bxc6 Bxc6 8. Ne5 e6 9. Nxc6 bxc6 10. O-O Bd6 11. h3 O-O 12. Bg5 h6 13. Be3 c5 14. dxc5 Be5 15. Ne2 Bxb2 16. Rb1 Rb8 17. c3 Ne4 18. Qc2 d4 19. Bxd4 Bxc3 20. Bxc3 Nxc3 21. Qxc3 Rxb1 22. Rxb1 a5 23. c6 Qc8 24. c7 a4 25. Rb8 Qxb8 26. cxb8=Q Rxb8 27. Qc2 a3 28. Nc1 Rb2 29. Qc3 Rb1 30. Qc8+ Kh7 31. Qc2+ g6 32. Qxb1 f5 33. g4 fxg4 34. hxg4 h5 35. gxh5 Kh6 36. Qxg6# 1-0

[Event "Junior Online 4NCL Division 4"]
[Site "online"]
[Date "2021.08.19"]
[EventDate "2021.08.19"]
[Round "1.112"]
[White "Flanders, William"]
[WhiteElo "869"]
[WhiteTeam "Surrey Kings 4"]
[Black "Reeves, Hollyann"]
[BlackElo "1383"]
[BlackTeam "Wolfpack Juniors"]
[Result "0-1"]
[PlyCount "68"]

1. e4 e5 2. Nf3 Nc6 3. Bc4 Bc5 4. d3 Nf6 5. Bg5 h6 6. Bxf6 gxf6 7. Nfd2 d6 8. Qh5 Be6 9. Bxe6 Qe7 10. Bd5 Nd4 11. Na3 Bxa3 12. Rc1 Bc5 13. Bxb7 Rb8 14. Bd5 Rxb2 15. Rb1 Rxb1+ 16. Nxb1 Nxc2+ 17. Kd1 Nd4 18. Kd2 c6 19. Bc4 Qd7 20. Nc3 Bb4 21. Rb1 a5 22. a3 Bxc3+ 23. Kxc3 Nb5+ 24. Bxb5 cxb5 25. a4 b4+ 26. Kb3 Ke7 27. Qh3 Qc7 28. Rb2 Qc3+ 29. Ka2 Rc8 30. Rb3 Qc2+ 31. Rb2 Qxa4+ 32. Kb1 Rc3 33. Qe3 Qd1+ 34. Ka2 Ra3# 0-1

[Event "Junior Online 4NCL Division 4"]
[Site "online"]
[Date "2021.08.19"]
[EventDate "2021.08.19"]
[Round "1.113"]
[White "Harris, Callum"]
[WhiteElo "1383"]
[WhiteTeam "Wolfpack Juniors"]
[Black "Edwards, Zachary"]
[BlackElo "868"]
[BlackTeam "Surrey Kings 4"]
[Result "1-0"]
[PlyCount "105"]

1. e4 e5 2. Nf3 Nc6 3. Bc4 Bc5 4. d3 d6 5. h3 Nf6 6. Bg5 h6 7. Bh4 g5 8. Bg3 h5 9. Nxg5 h4 10. Bh2 Rh5 11. Bxf7+ Kf8 12. Bxh5 Nxh5 13. Qxh5 Qf6 14. Nh7+ Kg7 15. Nxf6 Kxf6 16. Nc3 Nd4 17. Nd5+ Ke6 18. Qf5+ Nxf5 19. exf5+ Kxd5 20. O-O Bxf5 21. c3 e4 22. dxe4+ Bxe4 23. Rad1+ Ke6 24. Rfe1 Kf5 25. a4 d5 26. b4 Bf8 27. f3 Bc2 28. Rxd5+ Kf6 29. a5 b6 30. Bxc7 bxa5 31. Bxa5 Bf5 32. Bd8+ Kg6 33. Bxh4 Rc8 34. g4 Be6 35. Rxe6+ Kf7 36. Rf6+ Ke7 37. Rc6+ Ke8 38. Rxc8+ Kf7 39. Rd7+ Ke6 40. Rcc7 Ke5 41. Be7 Bh6 42. Bd6+ Ke6 43. f4 Bg7 44. Rxg7 Kxd6 45. Rxa7 Kd5 46. b5 Kc4 47. b6 Kxc3 48. b7 Kd3 49. b8=Q Ke3 50. Qb4 Kf3 51. Ra3+ Ke2 52. Qb2+ Kd1 53. Ra1# 1-0

[Event "Junior Online 4NCL Division 4"]
[Site "online"]
[Date "2021.08.19"]
[EventDate "2021.08.19"]
[Round "1.114"]
[White "Choi, Ethan"]
[WhiteElo "927"]
[WhiteTeam "Surrey Kings 4"]
[Black "Marsden, Rupert"]
[BlackElo "1042"]
[BlackTeam "Wolfpack Juniors"]
[Result "0-1"]
[PlyCount "40"]

1. e4 e5 2. Nf3 Nc6 3. Bc4 Bc5 4. d3 Nf6 5. Nc3 O-O 6. Bg5 h6 7. Nd5 hxg5 8. Nxg5 g6 9. Nf4 exf4 10. Nxf7 Rxf7 11. Bxf7+ Kxf7 12. O-O d6 13. Qd2 Nd4 14. c3 Ne6 15. Rae1 Qh8 16. h3 f3 17. d4 fxg2 18. Kxg2 Bb6 19. Kh2 Ng7 20. Rg1 Qxh3# 0-1

[Event "Junior Online 4NCL Division 4"]
[Site "online"]
[Date "2021.08.19"]
[EventDate "2021.08.19"]
[Round "1.115"]
[White "Liu, Reuben"]
[WhiteElo "908"]
[WhiteTeam "Surrey Kings 4"]
[Black "Jayaprakash, Arnav"]
[BlackElo "1441"]
[BlackTeam "Wolfpack Juniors"]
[Result "1-0"]
[PlyCount "45"]

1. e4 e6 2. d4 d5 3. e5 c5 4. c3 Nc6 5. Nf3 cxd4 6. cxd4 Bb4+ 7. Bd2 Bxd2+ 8. Nbxd2 Nge7 9. Bb5 Bd7 10. O-O a6 11. Ba4 O-O 12. h3 b5 13. Bc2 h6 14. Nc4 dxc4 15. b3 cxb3 16. axb3 Nb4 17. Bb1 Ned5 18. Qd2 a5 19. Ne1 Qg5 20. f4 Qe7 21. Nc2 Nxc2 22. Qxc2 Ne3 23. Qh7# 1-0

[Event "Junior Online 4NCL Division 4"]
[Site "online"]
[Date "2021.08.19"]
[EventDate "2021.08.19"]
[Round "1.116"]
[White "Reeves, Hollyann"]
[WhiteElo "1383"]
[WhiteTeam "Wolfpack Juniors"]
[Black "Flanders, William"]
[BlackElo "869"]
[BlackTeam "Surrey Kings 4"]
[Result "1-0"]
[PlyCount "83"]

1. e4 e5 2. Nf3 Nc6 3. Bc4 Bc5 4. Nc3 Nf6 5. d3 O-O 6. Bg5 h6 7. Bh4 d6 8. Nd5 Be6 9. Nxf6+ gxf6 10. Bxe6 fxe6 11. O-O Kf7 12. Nd2 Ke8 13. Qh5+ Kd7 14. Qxh6 Qe7 15. Nb3 b6 16. Nxc5+ bxc5 17. Qd2 Rh8 18. g3 Nd4 19. f3 Rab8 20. c3 Nc6 21. f4 exf4 22. Rxf4 e5 23. Bxf6 Qh7 24. Bxh8 Rxh8 25. Rh4 Qg8 26. Rxh8 Qxh8 27. Rf1 a5 28. Qf2 Ne7 29. Qf6 Qe8 30. d4 exd4 31. cxd4 cxd4 32. Qxd4 Nc6 33. Qa4 d5 34. exd5 Qe3+ 35. Kg2 Qe2+ 36. Rf2 Qa6 37. dxc6+ Qxc6+ 38. Qxc6+ Kxc6 39. Rf5 Kb6 40. h4 c5 41. h5 c4 42. h6 1-0

[Event "Junior Online 4NCL Division 4"]
[Site "online"]
[Date "2021.08.19"]
[EventDate "2021.08.19"]
[Round "1.117"]
[White "Edwards, Zachary"]
[WhiteElo "868"]
[WhiteTeam "Surrey Kings 4"]
[Black "Harris, Callum"]
[BlackElo "1383"]
[BlackTeam "Wolfpack Juniors"]
[Result "0-1"]
[PlyCount "72"]

1. e4 e5 2. Nf3 Nc6 3. Nc3 Bc5 4. Bc4 d6 5. d3 h6 6. Be3 Bxe3 7. fxe3 Bg4 8. h3 Bxf3 9. Qxf3 Qf6 10. Qd1 Qg6 11. d4 exd4 12. exd4 Qg3+ 13. Kd2 Qxg2+ 14. Kd3 Qf2 15. Nb5 O-O-O 16. Rf1 Ne5+ 17. dxe5 dxe5+ 18. Kc3 Rxd1 19. Rxf2 Rxa1 20. Nxa7+ Kb8 21. Nb5 f6 22. Rd2 Ne7 23. a3 Nc6 24. Bd5 Ne7 25. Be6 Nc6 26. Rd7 Nd4 27. Rxc7 Nxb5+ 28. Kb4 Nxc7 29. Bf5 Rd1 30. c3 Na6+ 31. Kb5 Rb1 32. b4 Rb3 33. Bg4 Rxc3 34. a4 Nc7+ 35. Kb6 Rc6+ 36. Ka5 Ra6# 0-1